<?xml version="1.0" encoding="UTF-8"?>
<record
    xmlns:xsi="http://www.w3.org/2001/XMLSchema-instance"
    xsi:schemaLocation="http://www.loc.gov/MARC21/slim http://www.loc.gov/standards/marcxml/schema/MARC21slim.xsd"
    xmlns="http://www.loc.gov/MARC21/slim">

  <leader>00730nam a22001937a 4500</leader>
  <datafield tag="952" ind1=" " ind2=" ">
    <subfield code="0">0</subfield>
    <subfield code="1">0</subfield>
    <subfield code="2">ddc</subfield>
    <subfield code="4">0</subfield>
    <subfield code="7">0</subfield>
    <subfield code="8">NFIC</subfield>
    <subfield code="a">ASL</subfield>
    <subfield code="b">ASL</subfield>
    <subfield code="c">GEN</subfield>
    <subfield code="d">2021-10-15</subfield>
    <subfield code="e">ASB Library Collection</subfield>
    <subfield code="h">U-0342</subfield>
    <subfield code="l">0</subfield>
    <subfield code="o">205.621 TAS</subfield>
    <subfield code="p">112731</subfield>
    <subfield code="r">2021-10-15 00:00:00</subfield>
    <subfield code="t">C-1</subfield>
    <subfield code="w">2021-10-15</subfield>
    <subfield code="y">BK</subfield>
  </datafield>
  <datafield tag="999" ind1=" " ind2=" ">
    <subfield code="c">26692</subfield>
    <subfield code="d">26692</subfield>
  </datafield>
  <controlfield tag="003">BDDh-ASL</controlfield>
  <controlfield tag="005">20231015030655.0</controlfield>
  <controlfield tag="008">211015s1958    p  ||||| |||| 00| 0 u   d</controlfield>
  <datafield tag="040" ind1=" " ind2=" ">
    <subfield code="a">BDDh-ASL</subfield>
    <subfield code="c">BDDh-ASL</subfield>
  </datafield>
  <datafield tag="082" ind1=" " ind2=" ">
    <subfield code="a">205.621</subfield>
    <subfield code="b">TAS </subfield>
  </datafield>
  <datafield tag="100" ind1="1" ind2=" ">
    <subfield code="9">5115</subfield>
    <subfield code="a">Niazi, Syed Najir </subfield>
  </datafield>
  <datafield tag="245" ind1="1" ind2="0">
    <subfield code="a">Tashkil-e Jadid Ilahiyat-e Islamiya : / &#x62A;&#x634;&#x6A9;&#x64A;&#x644; &#x62C;&#x62F;&#x64A;&#x62F; &#x627;&#x644;&#x6BE;&#x64A;&#x627;&#x62A; &#x627;&#x633;&#x644;&#x627;&#x645;&#x64A;&#x6C1;</subfield>
  </datafield>
  <datafield tag="260" ind1=" " ind2=" ">
    <subfield code="a">Lahore : </subfield>
    <subfield code="b">Bazme Iqbal , </subfield>
    <subfield code="c">1958. </subfield>
  </datafield>
  <datafield tag="300" ind1=" " ind2=" ">
    <subfield code="a">308 p. : </subfield>
    <subfield code="c">24 cm. </subfield>
  </datafield>
  <datafield tag="505" ind1=" " ind2=" ">
    <subfield code="a">Urdu Translation of Iqbal's 'Reconstruction of Religious Thought In Islam' </subfield>
  </datafield>
  <datafield tag="650" ind1=" " ind2="0">
    <subfield code="a">Religion, &#x9A7;&#x9B0;&#x9CD;&#x9AE;, Dharma, faith, creed, law, worship, property, &#x986;&#x9B8;&#x9CD;&#x9A4;&#x9BF;&#x995;&#x9A4;&#x9BE;, &#x9A6;&#x9C0;&#x9A8;</subfield>
    <subfield code="9">2606</subfield>
  </datafield>
  <datafield tag="650" ind1=" " ind2="0">
    <subfield code="9">2172</subfield>
    <subfield code="a">Philosophy</subfield>
  </datafield>
  <datafield tag="942" ind1=" " ind2=" ">
    <subfield code="2">ddc</subfield>
    <subfield code="c">BK</subfield>
  </datafield>
</record>
